Kinetic theory in the expanding universe / (Record no. 8602)

MARC details
000 -LEADER
fixed length control field 01166cam a2200313 a 4500
001 - CONTROL NUMBER
control field 3854566
003 - CONTROL NUMBER IDENTIFIER
control field OSt
005 - DATE AND TIME OF LATEST TRANSACTION
control field 20240618111130.0
008 - FIXED-LENGTH DATA ELEMENTS--GENERAL INFORMATION
fixed length control field 880201s1988 enka b 001 0 eng
010 ## - LIBRARY OF CONGRESS CONTROL NUMBER
LC control number 88004250
020 ## - INTERNATIONAL STANDARD BOOK NUMBER
International Standard Book Number 0521360501
040 ## - CATALOGING SOURCE
Original cataloging agency DDC,
Transcribing agency MUST,
082 00 - DEWEY DECIMAL CLASSIFICATION NUMBER
Classification number 523.18 BER 1988,
Edition number 19
100 1# - MAIN ENTRY--PERSONAL NAME
Personal name Bernstein, Jeremy,
9 (RLIN) 17429
245 10 - TITLE STATEMENT
Title Kinetic theory in the expanding universe /
Statement of responsibility, etc. Jeremy Bernstein.
260 ## - PUBLICATION, DISTRIBUTION, ETC. (IMPRINT)
Place of publication, distribution, etc. Cambridge ;
-- New York :
Name of publisher, distributor, etc. Cambridge University Press,
Date of publication, distribution, etc. 1988.
300 ## - PHYSICAL DESCRIPTION
Extent viii, 149 p. :
Other physical details ill. ;
Dimensions 24 cm.
440 #0 - SERIES STATEMENT/ADDED ENTRY--TITLE
Title Cambridge monographs on mathematical physics
9 (RLIN) 13328
504 ## - BIBLIOGRAPHY, ETC. NOTE
Bibliography, etc Bibliography: Includes index.
650 #0 - SUBJECT ADDED ENTRY--TOPICAL TERM
Topical term or geographic name as entry element Expanding universe.
9 (RLIN) 13329
650 #0 - SUBJECT ADDED ENTRY--TOPICAL TERM
Topical term or geographic name as entry element Kinetic theory of matter.
9 (RLIN) 13330
650 #0 - SUBJECT ADDED ENTRY--TOPICAL TERM
Topical term or geographic name as entry element Transport theory.
9 (RLIN) 13331
650 #0 - SUBJECT ADDED ENTRY--TOPICAL TERM
Topical term or geographic name as entry element General relativity (Physics)
9 (RLIN) 7986
650 #0 - SUBJECT ADDED ENTRY--TOPICAL TERM
Topical term or geographic name as entry element Astrophysics.
9 (RLIN) 7955
856 41 - ELECTRONIC LOCATION AND ACCESS
Materials specified Table of contents
Uniform Resource Identifier <a href="http://www.loc.gov/catdir/toc/cam041/88004250.html">http://www.loc.gov/catdir/toc/cam041/88004250.html</a>
856 41 - ELECTRONIC LOCATION AND ACCESS
Materials specified Sample text
Uniform Resource Identifier <a href="http://www.loc.gov/catdir/samples/cam031/88004250.html">http://www.loc.gov/catdir/samples/cam031/88004250.html</a>
856 42 - ELECTRONIC LOCATION AND ACCESS
Materials specified Publisher description
Uniform Resource Identifier <a href="http://www.loc.gov/catdir/description/cam023/88004250.html">http://www.loc.gov/catdir/description/cam023/88004250.html</a>
942 ## - ADDED ENTRY ELEMENTS (KOHA)
Source of classification or shelving scheme Dewey Decimal Classification
Koha item type Open Shelf
Holdings
Withdrawn status Lost status Source of classification or shelving scheme Damaged status Not for loan Home library Current library Source of acquisition Inventory number Total Checkouts Full call number Barcode Date last seen Koha item type
    Dewey Decimal Classification     MUST Main Library MUST Main Library Purchase 04/22676   523.18 BER 1988, 2024-20746 18/06/2024 Open Shelf